000 00280nam a22001337a 4500
003 SGT
082 _a616.024
_bH12A
100 _aAVIDAN, ALON Y.
245 _aHB. OF SLEEP MEDICINE
250 _a2ND
260 _aINDIA
_bWOLTERS
_c2012
300 _a490
942 _2ddc
_cBK
_01
999 _c14984
_d14984